000 00469nam a22001697a 4500
005 20260225091516.0
008 260225b |||||||| |||| 00| 0 eng d
020 _a978-93-5270
050 _aRC 65 .B36 2018
100 _aBANSAL NATH RAVINDER
245 _aPOCKET MANUAL TO CASE TAKING
250 _a3rd
260 _aNEW DELHI
_bJAYPEE BROTHERS MEDICAL PUBLISHERS
_c2018
300 _aX,71
650 _aDiagnosis-medical history takinmethods
942 _2lcc
_cBK
999 _c216628
_d216628